01181cam a2200325Ia 4500001001300000003000700013008004100020020001500061020001500076040001800091050002200109082002500131100003300156245016000189260001600349260002000365300002100385490004800406504004200454650003600496650004300532700003100575700003500606700003300641907001300674942001500687980000900702999001700711952012700728tec011941807MX-MoT081110s2006 sp b 000 0 spa d a842342393X a8423423883 aI8MbspacI8M 4aHD66b.B5318 2006 a658.312 8 B639t 20061 aBlanchard, Kenneth H. 9915810aTrabajo en equipo :bgo team! : tres pasos para conseguir grandes resultados /cKen Blanchard, Alan Randolph, Peter Grazier ; traducción, Marcè Molist. aBarcelona : bDeusto,cc2006. a170 p. ;c24 cm.0 aLíderes del management. Recursos humanos. aIncluye referencias bibliográficas  0aTeams in the workplace. 932959 4aEquipos en el lugar de trabajo.9329601 aRandolph, W. Alan. 9329611 aGrazier, Peter,d1946- 9329621 aMolist, Marcè,etr.932963 b11941807 2ddccLIBRO aOCLC c18194d18194 00102ddc40708REFaBCbBCd2024-11-12edonaciónl0o658.312 8 B639t 2006 c.1p00025204r2024-11-12w2024-11-12yLIBRO